1012 1775 1213 1377 1578 1507 1219 1870 1209 1481 1269 1192 1762 1604 1248 1562 1289 1296 1029 1779 1639 1232 1543 1583 1434 1319 1511 1504 1141 1480 1192 1650 1378 1984 1620 1015 1047 1117 1350 1343 1764 1489 1174 1549 1101 1706 1069 1775 1301 1855 1521 1180 1118 1159 1997 1253 1164 1035 1736 1655 1612 1130 1716 1128 1665 1938 1854 1755 1414 1440 1416 1171 1435 1919 1790 1007 1935 1083 1044 1667 1194 1896 1722 1019 1564 1547 1152 1560 1925 1759 1052 1116 1905 1637 1411 1658 1907 1653 1203 BCNSPRNW ULIB Ver.6.0+V

เปลี่ยนเป็นภาษาไทย

Change to English
 แสดงรายละเอียดบรรณานุกรม
  กลับหน้าหลัก

Brief Record : Get Marc (ISO 2709) : E-mail record : QR code < ปิดหน้าต่าง
LEADER : 00000nam 2200000uu 4500
001    13399110031
003     ULIB
008    110420s2550||||th 000 0 tha d
020    9789747488517
060 04 WG220^bน611ค 2550
100 0  นิธิ มหานนท์
245 10 คู่มือธรรม-ใจ/^cนิธิ มหานนท์
250    พิมพ์ครั้งที่ 1
260    กรุงเทพฯ :^bเอเอเปเปอร์,^c2550
300    141 หน้า :^bภาพประกอบ
650  7 โรคหัวใจ
650  7 โรคกล้ามเนื้อหัวใจขาดเลือด
945    ^p269^l0^i023215
995    ทศพร
999 ^a ใช้งานได้ทุกระบบ
รายการนี้ยังไม่มีแท็ก
คุณยังไม่ได้ล็อกอิน คุณสามารถมีกิจกรรมร่วมกับเว็บไซต์ได้ แต่ต้องล็อกอินก่อน ::
  ล็อกอิน

รายการสื่อสารสนเทศ

ลำดับที่ ประเภท เลขเรียก/บาร์โค้ด สถานที่ สถานะ
- ไม่พบข้อมูล -

รายการใกล้เคียง
    ผู้แต่ง [นิธิ มหานนท์]

    หัวเรื่อง [โรคหัวใจ]
    หัวเรื่อง [โรคกล้ามเนื้อหัวใจขาดเลือด]

BibComment


ยังไม่เคยถูกคอมเมนท์

คอมเมนท์ทรัพยากรรายการนี้
  คอมเมนท์: คู่มือธรรมใจ นิธิ..


 Copyright 2026. Bcnsprnw @Library